000 00420nam a2200181Ia 4500
001 8348
005 20260306160602.0
008 260306t1995||||xx |||||||||||||| ||spa||
041 _aESP
082 _a370.5
_bC76
100 _aDíaz D., Hugo
_eAUT
245 0 _aProyecto educativo institucional
260 _c1995
300 _a78 páginas :
_c25 cm.
650 _aGEN
654 _aCED
942 _cLIB
_dJUS
_fJUS
_2ddc
_n
999 _c8348
_d8348